[Event "Rusia ch-final femenina 2014"]
[Site "Kazan RUS"]
[Date "2014.11.29"]
[Round "2.5"]
[White "Kovalevskaya, Ekaterina"]
[Black "Gunina, Valentina"]
[Result "1-0"]
[WhiteElo "2439"]
[BlackElo "2522"]
[PlyCount "99"]
[EventDate "2014.11.28"]
[EventType "tourn"]
[EventRounds "9"]
[EventCountry "RUS"]
[Source "lmi"]
[SourceDate "2014.11.28"]

1. e4 c6 2. Nc3 d5 3. Nf3 Bg4 4. h3 Bxf3 5. Qxf3 Nf6 6. d3 d4 7. Ne2 e5 8. g4
Na6 9. a3 Qa5+ 10. Bd2 Bb4 11. c3 dxc3 12. bxc3 Be7 13. Ng3 Nc5 14. Rb1 Qxa3
15. Be2 Qa2 16. Rd1 O-O-O 17. O-O g6 18. Be3 Qe6 19. g5 Nfd7 20. d4 Na4 21. d5
Qd6 22. dxc6 Qxc6 23. Qxf7 Bc5 24. Bg4 Bxe3 25. fxe3 Nab6 26. Rf6 Qxc3 27. Nf1
Qc7 28. Rfd6 Kb8 29. Bxd7 Rhf8 30. Qe6 Nc4 31. R6d5 Nb2 32. R1d2 Nc4 33. Rd1
Nb2 34. R1d2 Nc4 35. Rd1 a6 36. Rc1 Rxf1+ 37. Rxf1 Nxe3 38. Rf7 Qc1+ 39. Kf2
Nxd5 40. Qxd5 Qxg5 41. Qd6+ Ka7 42. Qc5+ Ka8 43. Qe3 Qh4+ 44. Kg2 Rb8 45. Bc6
Qd8 46. Bd5 h6 47. Qb3 Qg5+ 48. Kf3 Qh5+ 49. Kf2 Qh4+ 50. Kf1 1-0

[Event "Rusia ch-final femenina 2014"]
[Site "Kazan RUS"]
[Date "2014.12.06"]
[Round "8.4"]
[White "Kashlinskaya, Alina"]
[Black "Bodnaruk, Anastasia"]
[Result "1/2-1/2"]
[WhiteElo "2439"]
[BlackElo "2411"]
[PlyCount "78"]
[EventDate "2014.11.28"]
[EventType "tourn"]
[EventRounds "9"]
[EventCountry "RUS"]
[EventCategory "9"]
[Source "lmi"]
[SourceDate "2014.11.28"]

1. d4 Nf6 2. c4 g6 3. Nf3 Bg7 4. g3 c5 5. Bg2 Qa5+ 6. Nc3 Ne4 7. Qd3 cxd4 8.
Nxd4 Nc5 9. Qe3 Nc6 10. Ndb5 Ne6 11. Bd2 Qd8 12. O-O O-O 13. Rad1 a6 14. Na3
Ned4 15. Nd5 e6 16. Nf4 f5 17. Bc3 e5 18. Nd5 d6 19. Qd2 f4 20. Nc2 f3 21. exf3
Nxf3+ 22. Bxf3 Rxf3 23. Kg2 Rf7 24. Nde3 Qd7 25. Qxd6 Qh3+ 26. Kg1 Be6 27. Qd3
Raf8 28. Qe2 e4 29. Bxg7 Kxg7 30. Nd4 Ne5 31. Nxe6+ Qxe6 32. Kg2 Rf3 33. Rd4
Nd3 34. Nd1 Qh3+ 35. Kxh3 Nf4+ 36. Kh4 Ng2+ 37. Kh3 Nf4+ 38. Kh4 Ng2+ 39. Kh3
Nf4+ 1/2-1/2